LEADER 00973nam0-2200337---450- 001 990005536490403321 005 20151215143655.0 035 $a000553649 035 $aFED01000553649 035 $a(Aleph)000553649FED01 035 $a000553649 100 $a19990604d1958----km-y0itay50------ba 101 0 $aita 102 $aIT 105 $af-------001yy 200 1 $a<>pittura romana$fMaurizio Borda 210 $aMilano$cSocietà Editrice Libraria$d1958 215 $aXXXII, 429 p., [21] c. di tav.$cill.$d29 cm 610 0 $aPittura romano-ellenistica 610 0 $aPittura$aRoma antica 676 $a759.01$v21$zita 676 $a759.937$v21$zita 700 1$aBorda,$bMaurizio$0187043 801 0$aIT$bUNINA$gRICA$2UNIMARC 901 $aBK 912 $a990005536490403321 952 $a759.937 BOR 1$bARCH. 9212$fFLFBC 952 $a759.937 BOR 1 (BIS)$bIst.Fil.Cl.3577$fFLFBC 959 $aFLFBC 996 $aPittura romana$9266866 997 $aUNINA LEADER 01871nas 2200541-a 450 001 996251324603316 005 20231108213018.0 011 $a2051-6789 035 $a(OCoLC)561068676 035 $a(CKB)2670000000393926 035 $a(CONSER)--2020204440 035 $a(EXLCZ)992670000000393926 100 $a20100318a19509999 --- a 101 0 $aeng 135 $aurbn||||||abp 135 $aurbn||||||ada 181 $ctxt$2rdacontent 182 $cc$2rdamedia 183 $acr$2rdacarrier 200 04$aThe Bible translator 210 1$aLondon :$cUnited Bible Societies 210 31$a[London] :$cSAGE 215 $a1 online resource 300 $aRefereed/Peer-reviewed 300 $aIssues for v. 23 (1972)-v. 32 (1981) have alternating titles: Technical papers for the Bible translator; and: Practical papers for the Bible translator. 300 $aInternational Serials Data System has assigned three key titles and ISSN: Bible translator = 0006-0844, 1950-1971; Technical papers for the Bible translator = 0260-0935, 1972-; and: Practical papers for the Bible translator = 0260-0943, 1972- 311 $a2051-6770 517 1 $aTechnical papers for the Bible translator 517 1 $aPractical papers for the Bible translator 517 1 $aBible translator. 517 1 $aBible translator. 606 $aLanguage and languages$xStyle$2fast 606 $aVertalen$2gtt 606 $aBijbel$2gtt 608 $aperiodicals.$2aat 608 $aPeriodicals$2fast 608 $aPeriodicals.$2lcgft 608 $aPériodiques.$2rvmgf 615 7$aLanguage and languages$xStyle 615 17$aVertalen. 615 17$aBijbel. 676 $a220.05 686 $a11.32$2bcl 712 02$aUnited Bible Societies. 906 $aJOURNAL 912 $a996251324603316 996 $aThe Bible translator$92026121 997 $aUNISA